000 00522nam a2200217 a 4500
999 _c11761
_d11761
001 11761
003 BD-JhCC
005 20200902123419.0
008 200902b20132015cc a|||| ||a| 001 0 eng d
020 _a9781782091080
035 _a(BD-JhCC)11761
040 _aBD-JhCC
_dBD-JhCC
041 _aeng
082 _a032.083
_bOCE 2015
245 _aOcean
260 _aChina:
_bMiles Kelly;
_c2015.
300 _a224
_bill
_c28 cm.
650 _aMarine ecology
_vOcean
_xOceanography
942 _2ddc
_cBK